Statistics for All Around the Coast! America mainland

Click here to take the quiz!

General Stats

  • This quiz has been taken 1,005 times
  • The average score is 27 of 31

Answer Stats

# COUNTRY % Correct
1Panama
99%
2Colombia
95%
5Chile
95%
6Argentina
95%
8Brazil
95%
3Ecuador
94%
4Peru
94%
7Uruguay
94%
10Suriname
92%
11Guyana
92%
12Venezuela
92%
22Canada
91%
14Panama
91%
15Costa Rica
90%
20Mexico
89%
16Nicaragua
89%
17Honduras
89%
19Belize
88%
21United States of America
88%
13Colombia
87%
9French Territories (France)
87%
23United States of America
87%
18Guatemala
86%
26Mexico
82%
24Canada
80%
25United States of America
80%
27Guatemala
80%
28El Salvador
80%
29Honduras
79%
30Nicaragua
79%
31Costa Rica
79%

Score Distribution

Percentile by Number Answered

Percent of People with Each Score

Your Score History

You have not taken this quiz